Sports Quiz

Random Sports or Basketball Quiz
Score 0/42 Timer 10:00
0 Plays Today
Hint Answer % Correct
1.Kaden Diaz
90.6%
2. Grant Wollangk
86.8%
5.Max Matthews
81.1%
22.Finley Kuehl
81.1%
4.Logan Taylor
79.2%
3.Henry Kreckman
77.4%
20.Sean Flanagan
77.4%
6.Hayden Derlien
75.5%
15.Max Westfield
75.5%
21.Kadyn Dixon
73.6%
25.Leo Jacobs
73.6%
10.Alex Stauffacher
71.7%
7.Cael Anderson
69.8%
9.Tyler Head
69.8%
18.Luke Kupcho
69.8%
13.Xander Lisowski
67.9%
12.Noah Lisowski
67.9%
11.Jeremiah Rockiett
66%
16.A.J. Uhl
66%
23.Hans Weiss
66%
26.Andrew Hensal
66%
Hint Answer % Correct
29.Max Walter
66%
37.Noah Schafer
65.9%
17.Josh Bell
64.2%
24.Reese Karvala
64.2%
19.Adam Jeremiason
64.2%
32.Luke Marx
64.2%
42.Yash Kumar
63.4%
8.Josh Potter
62.3%
14.Keegan Coffey
60.4%
28.Cameron Eck
58.5%
30.Kendrick Koehler
58.5%
41.Aiden Pagel
58.3%
31.Jackson Messling
56.6%
40.Bradford Sewall
56.1%
33.Levin Eustice
50.9%
34.Neige Dolbeau
50.9%
36.Emmet Marcin
47.9%
39.Brady Bacon
46.3%
27.R.J. Hillestad
45.3%
38.Brett Fink
39.6%
35.Jacob Yeakley
37.5%

You're not logged in!

Compare scores with friends on all Sporcle quizzes.
OR
Log In

Sporcle TV

Today on Sporcle TV


Watch our educational content, quiz creation guides, and fun videos on Sporcle TV.

Show Comments

Extras

Created Sep 20, 2019ReportNominate
Tags:Basketball Quiz

Top Quizzes Today


Score Distribution

Paid Content

Your Account Isn't Verified!

In order to create a playlist on Sporcle, you need to verify the email address you used during registration. Go to your Sporcle Settings to finish the process.

Report this User

Report this user for behavior that violates our Community Guidelines.

Details: